Cinematographic techniques in biology and medicine. (Record no. 23912)

MARC details
000 -LEADER
fixed length control field 00334nam a2200121Ia 4500
082 ## - DEWEY DECIMAL CLASSIFICATION NUMBER
Classification number 57.087.3:616
Item number BUR
100 ## - MAIN ENTRY--AUTHOR NAME
Personal name BURTON, Alexis L
245 #0 - TITLE STATEMENT
Title Cinematographic techniques in biology and medicine.
260 ## - PUBLICATION, DISTRIBUTION, ETC. (IMPRINT)
Place of publication New York
Name of publisher Academic
Year of publication 1971
650 ## - SUBJECT ADDED ENTRY--TOPICAL TERM
Topical Term Cinematography
942 ## - ADDED ENTRY ELEMENTS (KOHA)
Koha item type Books
Holdings
Withdrawn status Lost status Damaged status Not for loan Home library Current library Date acquired Full call number Accession Number Koha item type
        RRII Library RRII Library 16/12/2021 57.087.3:616 BUR 04605 Books